000 00607nam a22001937a 4500
005 20210414110353.0
008 210310s1958 ||||| |||| 00| 0 eng d
040 _aeng
_cDLC
041 _aeng
080 _a821.111
_bM-12
100 _91315
_aMacGowan, Norman
245 _aMy Years with Churchill
_c/ by: Gold Medal Books, Fawcett Publications Inc
260 _aGreenwich, Conn
_bGold Medal Books, Fawcett Publications Inc
_c1958
300 _a143 p.
365 _b0.6 usd
650 0 _9254
_aEnglish literature
653 _aინგლისური ლიტერატურა
942 _2udc
_cBK
999 _c2064
_d2064